[Event "GBR-ch110 Over 50"]
[Site "Hull"]
[Date "2024.08.01"]
[Round "4.7"]
[White "Handley, Michael R"]
[Black "Crocker, Philip J"]
[Result "0-1"]
[WhiteElo "2007"]
[BlackElo "2122"]
[PlyCount "88"]
[EventDate "2024.07.29"]
[EventType "swiss"]
[EventRounds "7"]
[EventCountry "GBR"]
[SourceTitle "BritBase"]
[Source "John Saunders"]
[SourceDate "2025.02.19"]
[SourceVersion "1"]
[SourceVersionDate "2025.02.19"]
[SourceQuality "1"]

1. d4 d5 2. c4 c6 3. cxd5 cxd5 4. Bf4 Nc6 5. e3 Nf6 6. Nc3 a6 7. Be2 Bf5 8. g4 Be4 9. f3 Bg6 10. h4 h6 11. Nh3 e6 12. Qb3 Na5 13. Qa4+ Nc6 14. Qb3 Na5 15. Qa4+ Nd7 16. h5 Bh7 17. Rc1 Nc6 18. Qb3 Qb6 19. Qxb6 Nxb6 20. Bc7 Nd7 21. Kf2 Rc8 22. Bg3 Be7 23. Nf4 Nb6 24. Bd3 O-O 25. Nb1 Bg5 26. Bxh7+ Kxh7 27. Nd3 Nc4 28. f4 Be7 29. Bh4 Nb4 30. Nxb4 Bxb4 31. Rc2 Nd6 32. Rhc1 Rxc2+ 33. Rxc2 Rc8 34. Rxc8 Nxc8 35. Ke2 Ba5 36. Be1 Bxe1 37. Kxe1 Nd6 38. Nd2 g6 39. hxg6+ fxg6 40. b3 h5 41. gxh5 gxh5 42. Nf3 Kg6 43. Ng5 Kf5 44. Kf2 Ne4+ 0-1

[Event "GBR-ch110 Over 50"]
[Site "Hull"]
[Date "2024.08.01"]
[Round "4.8"]
[White "Zeidler, Sven P"]
[Black "Mason, Donald J"]
[Result "1-0"]
[WhiteElo "2116"]
[BlackElo "2003"]
[PlyCount "85"]
[EventDate "2024.07.29"]
[EventType "swiss"]
[EventRounds "7"]
[EventCountry "GBR"]
[SourceTitle "BritBase"]
[Source "John Saunders"]
[SourceDate "2025.02.19"]
[SourceVersion "1"]
[SourceVersionDate "2025.02.19"]
[SourceQuality "1"]

1. e4 e5 2. Nf3 Nc6 3. d4 exd4 4. Bc4 Nf6 5. e5 d5 6. Bb5 Nd7 7. Bxc6 bxc6 8. Nxd4 Nb8 9. Bf4 Be7 10. Qf3 O-O 11. Nc3 Be6 12. O-O-O c5 13. Nxe6 fxe6 14. Qg4 Rxf4 15. Qxe6+ Rf7 16. Nxd5 Nd7 17. f4 Nf8 18. Qg4 Qc8 19. Qxc8 Rxc8 20. e6 Nxe6 21. Rhe1 c6 22. Nxe7+ Rxe7 23. f5 Rce8 24. Rxe6 Rxe6 25. fxe6 Rxe6 26. Rd7 Re2 27. Rxa7 Rxg2 28. a4 Rxh2 29. Rb7 h5 30. b3 Rf2 31. a5 Rf8 32. a6 Kh7 33. a7 Ra8 34. Kd2 Kg6 35. Rc7 Kf6 36. Rxc6+ Kf5 37. Rxc5+ Kg4 38. Rc7 g5 39. b4 h4 40. b5 Rh8 41. Rb7 Ra8 42. b6 h3 43. Rh7 1-0

[Event "GBR-ch110 Over 50"]
[Site "Hull"]
[Date "2024.08.01"]
[Round "4.9"]
[White "Ledger, Stephen C"]
[Black "Minnican, Alan"]
[Result "0-1"]
[WhiteElo "2012"]
[BlackElo "2081"]
[PlyCount "119"]
[EventDate "2024.07.29"]
[EventType "swiss"]
[EventRounds "7"]
[EventCountry "GBR"]
[SourceTitle "BritBase"]
[Source "John Saunders"]
[SourceDate "2025.02.19"]
[SourceVersion "1"]
[SourceVersionDate "2025.02.19"]
[SourceQuality "1"]

1. d4 Nf6 2. Bg5 d5 3. Nd2 c5 4. e3 Nc6 5. c3 cxd4 6. exd4 h6 7. Bh4 Bf5 8. Qb3 Qd7 9. Ngf3 a6 10. Be2 e6 11. Bg3 Be7 12. O-O O-O 13. Ne5 Nxe5 14. Bxe5 Ne4 15. Rad1 Nd6 16. Rfe1 b5 17. Bxd6 Bxd6 18. Nf3 Rfb8 19. Ne5 Qc7 20. Bd3 Bxe5 21. Rxe5 Bxd3 22. Rxd3 b4 23. Re2 bxc3 24. Qxc3 Qxc3 25. Rxc3 Rb4 26. Rd2 Rab8 27. b3 a5 28. f3 a4 29. bxa4 Rxa4 30. a3 Kf8 31. Kf2 Rb1 32. Ke3 Ke7 33. h4 g6 34. g3 Kd6 35. Kf2 Ke7 36. g4 Kf6 37. Kg3 Ra1 38. Rdd3 Ra2 39. Kh3 Ra7 40. Kg3 Rb7 41. Rb3 Rc7 42. Kf4 g5+ 43. hxg5+ hxg5+ 44. Ke3 Rcc2 45. Rd1 Re2+ 46. Kd3 Rf2 47. Kc3 Rxf3+ 48. Kb4 Rxb3+ 49. Kxb3 Rg2 50. a4 Rxg4 51. a5 Rh4 52. Kb4 Rh8 53. Kc5 g4 54. Kb6 Kg5 55. Kb7 f5 56. a6 g3 57. Rc1 Rh7+ 58. Kb8 f4 59. Rc7 Rxc7 60. Kxc7 0-1

[Event "GBR-ch110 Over 50"]
[Site "Hull"]
[Date "2024.08.01"]
[Round "4.10"]
[White "Hasson, Peter"]
[Black "Regan, Natasha K"]
[Result "1/2-1/2"]
[WhiteElo "1993"]
[BlackElo "2015"]
[PlyCount "43"]
[EventDate "2024.07.29"]
[EventType "swiss"]
[EventRounds "7"]
[EventCountry "GBR"]
[SourceTitle "BritBase"]
[Source "John Saunders"]
[SourceDate "2025.02.19"]
[SourceVersion "1"]
[SourceVersionDate "2025.02.19"]
[SourceQuality "1"]

1. c4 f5 2. g3 Nf6 3. Nc3 g6 4. Bg2 Bg7 5. Nf3 O-O 6. O-O d6 7. d3 c6 8. b4 Ne4 9. dxe4 Bxc3 10. Bh6 fxe4 11. Ng5 Bxa1 12. Qxa1 e5 13. Bxf8 Qxf8 14. Nxe4 Bf5 15. Rd1 Bxe4 16. Bxe4 Nd7 17. Qc3 Nf6 18. Bg2 a6 19. a4 Rd8 20. b5 axb5 21. axb5 e4 22. bxc6 1/2-1/2

[Event "GBR-ch110 Over 50"]
[Site "Hull"]
[Date "2024.08.01"]
[Round "4.11"]
[White "Vleeshhouwer, Douglas"]
[Black "Kennedy, Craig"]
[Result "1-0"]
[WhiteElo "1923"]
[BlackElo "1871"]
[PlyCount "29"]
[EventDate "2024.07.29"]
[EventType "swiss"]
[EventRounds "7"]
[EventCountry "GBR"]
[SourceTitle "BritBase"]
[Source "John Saunders"]
[SourceDate "2025.02.19"]
[SourceVersion "1"]
[SourceVersionDate "2025.02.19"]
[SourceQuality "1"]

1. e4 e6 2. f4 d5 3. e5 d4 4. Bd3 Ne7 5. Nf3 Nbc6 6. c3 Nd5 7. g3 dxc3 8. dxc3 Bc5 9. b4 Bb6 10. Qe2 h6 11. Bd2 O-O 12. a3 Nde7 13. Be3 Nf5 14. Bxb6 axb6 15. O-O 1-0

[Event "GBR-ch110 Over 50"]
[Site "Hull"]
[Date "2024.08.01"]
[Round "4.12"]
[White "Faulkner, Martin J"]
[Black "Wheeler, James M"]
[Result "1-0"]
[WhiteElo "1803"]
[BlackElo "1881"]
[PlyCount "113"]
[EventDate "2024.07.29"]
[EventType "swiss"]
[EventRounds "7"]
[EventCountry "GBR"]
[SourceTitle "BritBase"]
[Source "John Saunders"]
[SourceDate "2025.02.19"]
[SourceVersion "1"]
[SourceVersionDate "2025.02.19"]
[SourceQuality "1"]

1. c4 e6 2. g3 d5 3. Bg2 c6 4. b3 Nf6 5. Nf3 Bd6 6. Bb2 O-O 7. O-O b6 8. Nc3 Bb7 9. e4 Nxe4 10. Nxe4 dxe4 11. Nd4 Bc5 12. Ne2 Nd7 13. Bxe4 Nf6 14. Bg2 Qe7 15. d4 Ba3 16. Bc3 Bb4 17. Bb2 Ba3 18. Bc3 Bb4 19. Qc2 Bxc3 20. Nxc3 Rfd8 21. Rad1 Rac8 22. Rfe1 Qf8 23. Ne4 Nxe4 24. Rxe4 g6 25. Re5 Rc7 26. Qe2 Rcd7 27. Qe3 Qa3 28. Qc3 a5 29. h4 Qd6 30. Re2 Qb4 31. Qb2 Qf8 32. Red2 Qg7 33. Qc3 c5 34. Bxb7 cxd4 35. Qf3 f5 36. Bc6 Rd6 37. Qg2 Qc7 38. Bf3 e5 39. Bd5+ Kg7 40. Qh3 h5 41. Re1 Re8 42. Rxd4 Qc5 43. Rd3 e4 44. Rde3 b5 45. Qf1 bxc4 46. bxc4 Rb8 47. Rb1 Rdb6 48. Rxb6 Rxb6 49. Qa1+ Kh7 50. Rb3 Rxb3 51. axb3 e3 52. Qe1 exf2+ 53. Qxf2 Qd6 54. Kg2 Qe5 55. Qa7+ Kh6 56. Kf3 Qc3+ 57. Qe3+ 1-0

[Event "GBR-ch110 Over 50"]
[Site "Hull"]
[Date "2024.08.01"]
[Round "4.13"]
[White "Turner, Tim M"]
[Black "Waddington, Mike P"]
[Result "1/2-1/2"]
[WhiteElo "1860"]
[BlackElo "1990"]
[PlyCount "63"]
[EventDate "2024.07.29"]
[EventType "swiss"]
[EventRounds "7"]
[EventCountry "GBR"]
[SourceTitle "BritBase"]
[Source "John Saunders"]
[SourceDate "2025.02.19"]
[SourceVersion "1"]
[SourceVersionDate "2025.02.19"]
[SourceQuality "1"]

1. d4 Nf6 2. Nf3 e6 3. c4 b6 4. a3 Bb7 5. Nc3 d5 6. Bg5 Be7 7. e3 O-O 8. Bd3 Ne4 9. Bxe7 Qxe7 10. cxd5 exd5 11. Rc1 c6 12. O-O Nd7 13. Re1 f5 14. Nd2 Qh4 15. g3 Qh3 16. Bf1 Qh6 17. f3 Nxd2 18. Qxd2 Rae8 19. Nd1 Re6 20. Nf2 Rfe8 21. f4 Nf6 22. Nd3 Ng4 23. Ne5 Nxe5 24. dxe5 c5 25. b4 cxb4 26. axb4 R6e7 27. Bg2 Qe6 28. Ra1 Ba8 29. Rec1 Rd8 30. Rc2 Red7 31. Qd4 Qe7 32. Rac1 1/2-1/2

[Event "GBR-ch110 Over 50"]
[Site "Hull"]
[Date "2024.08.01"]
[Round "4.14"]
[White "Wilson, Matthew R"]
[Black "Kilshaw, Joe"]
[Result "0-1"]
[WhiteElo "1832"]
[BlackElo "1937"]
[PlyCount "76"]
[EventDate "2024.07.29"]
[EventType "swiss"]
[EventRounds "7"]
[EventCountry "GBR"]
[SourceTitle "BritBase"]
[Source "John Saunders"]
[SourceDate "2025.02.19"]
[SourceVersion "1"]
[SourceVersionDate "2025.02.19"]
[SourceQuality "1"]

1. e4 c6 2. d4 d5 3. exd5 cxd5 4. Bd3 Nc6 5. c3 Nf6 6. Bf4 Bg4 7. Qb3 Qd7 8. Nd2 e6 9. Ngf3 Bd6 10. Bxd6 Qxd6 11. O-O O-O 12. Rfe1 Rab8 13. Ne5 Bh5 14. a4 Bg6 15. Nxg6 hxg6 16. Re3 e5 17. dxe5 Nxe5 18. Nf3 Nfg4 19. Nxe5 Nxe3 20. Nxf7 Rxf7 21. fxe3 Qc5 22. Kh1 Qxe3 23. Qxd5 Re8 24. h3 Re5 25. Qd8+ Kh7 26. Bc4 Rf4 27. Qg8+ Kh6 28. Rf1 Rxf1+ 29. Bxf1 Qf2 30. Qh8+ Kg5 31. Qd8+ Kf4 32. Qf8+ Kg3 33. Qxf2+ Kxf2 34. Bd3 Kg3 35. Kg1 Re1+ 36. Bf1 a5 37. b4 axb4 38. cxb4 Rb1 0-1

[Event "GBR-ch110 Over 50"]
[Site "Hull"]
[Date "2024.08.01"]
[Round "4.15"]
[White "Brown, Alan M"]
[Black "Rich, Ben S"]
[Result "1-0"]
[WhiteElo "1974"]
[BlackElo "1869"]
[PlyCount "121"]
[EventDate "2024.07.29"]
[EventType "swiss"]
[EventRounds "7"]
[EventCountry "GBR"]
[SourceTitle "BritBase"]
[Source "John Saunders"]
[SourceDate "2025.02.19"]
[SourceVersion "1"]
[SourceVersionDate "2025.02.19"]
[SourceQuality "1"]

1. d4 c5 2. dxc5 e6 3. Nf3 Bxc5 4. g3 Nf6 5. Bg2 h6 6. O-O O-O 7. b3 Nc6 8. Bb2 d5 9. Nbd2 Bd7 10. e3 Rc8 11. c4 Nb4 12. cxd5 Nfxd5 13. Nc4 Nb6 14. Nxb6 Bxb6 15. a3 Nd5 16. Rc1 Bb5 17. Re1 Rxc1 18. Qxc1 Qc8 19. Qd2 Rd8 20. Rc1 Qd7 21. Qe1 Rc8 22. Rd1 Rc2 23. Rd2 Qc8 24. Nd4 Bxd4 25. Bxd4 Rc1 26. Rd1 Rxd1 27. Qxd1 Nc3 28. Bxc3 Qxc3 29. Bxb7 Bd3 30. Bf3 e5 31. Bd5 e4 32. h4 Qc5 33. Bc4 Bxc4 34. Qc1 Qe5 35. bxc4 Qc5 36. Qc3 f5 37. Kf1 a5 38. Ke1 Kf7 39. Qb3 Kg6 40. a4 Qe5 41. Qb6+ Kh5 42. Qd4 Qb8 43. c5 Kg6 44. Kd2 Qb1 45. Qc4 Qb2+ 46. Qc2 Qb4+ 47. Kd1 Qb8 48. c6 Qd6+ 49. Ke2 Qc7 50. Qc5 Kf6 51. Kd2 Ke6 52. Kc3 Qd6 53. Qc4+ Ke7 54. c7 Qa3+ 55. Kc2 Qd3+ 56. Qxd3 exd3+ 57. Kxd3 Kd7 58. Kc4 Kxc7 59. Kb5 Kd6 60. Kxa5 Kc5 61. f3 1-0

[Event "GBR-ch110 Over 50"]
[Site "Hull"]
[Date "2024.08.01"]
[Round "4.16"]
[White "Giulian, Rosemary A"]
[Black "Jaszkiwskyj, Peter"]
[Result "1-0"]
[WhiteElo "1935"]
[BlackElo "1857"]
[PlyCount "63"]
[EventDate "2024.07.29"]
[EventType "swiss"]
[EventRounds "7"]
[EventCountry "GBR"]
[SourceTitle "BritBase"]
[Source "John Saunders"]
[SourceDate "2025.02.19"]
[SourceVersion "1"]
[SourceVersionDate "2025.02.19"]
[SourceQuality "1"]

1. e4 e6 2. d4 d5 3. Nd2 Nf6 4. e5 Nfd7 5. f4 c5 6. c3 Nc6 7. Ndf3 cxd4 8. cxd4 Bb4+ 9. Kf2 a5 10. a3 Be7 11. Bd3 Nb6 12. b3 Bd7 13. g3 Na7 14. Kg2 Bb5 15. Bb1 a4 16. b4 Qd7 17. Nh3 Bc4 18. Bc2 Nb5 19. Nf2 g6 20. Bb2 Na7 21. Nd2 Bb5 22. Re1 O-O 23. h4 Kg7 24. h5 Nac8 25. g4 Bh4 26. Qf3 Rh8 27. Rh1 Bxf2 28. Kxf2 Qc7 29. Rac1 Nc4 30. Nxc4 Bxc4 31. f5 Qd8 32. f6+ 1-0

[Event "GBR-ch110 Over 50"]
[Site "Hull"]
[Date "2024.08.01"]
[Round "4.17"]
[White "Swiatkowski, Aram"]
[Black "Grillage, Andrew"]
[Result "1-0"]
[WhiteElo "1782"]
[BlackElo "1930"]
[PlyCount "41"]
[EventDate "2024.07.29"]
[EventType "swiss"]
[EventRounds "7"]
[EventCountry "GBR"]
[SourceTitle "BritBase"]
[Source "John Saunders"]
[SourceDate "2025.02.19"]
[SourceVersion "1"]
[SourceVersionDate "2025.02.19"]
[SourceQuality "1"]

1. e4 d5 2. exd5 Qxd5 3. Nc3 Qd8 4. d4 Nf6 5. Be3 c6 6. Bd3 Ng4 7. Nge2 Nxe3 8. fxe3 e5 9. O-O Bd6 10. Bc4 O-O 11. dxe5 Bc7 12. Qxd8 Bxd8 13. Rad1 Bc7 14. Ne4 Bg4 15. Nd6 b5 16. Bxf7+ Rxf7 17. Rxf7 Bxd6 18. Rf4 Bxe2 19. Rxd6 Na6 20. Rxc6 Nb4 21. Rxb4 1-0

[Event "GBR-ch110 Over 50"]
[Site "Hull"]
[Date "2024.08.01"]
[Round "4.18"]
[White "Baer, Bruce L"]
[Black "Wheeler, Tim"]
[Result "1-0"]
[WhiteElo "1926"]
[BlackElo "1825"]
[PlyCount "110"]
[EventDate "2024.07.29"]
[EventType "swiss"]
[EventRounds "7"]
[EventCountry "GBR"]
[SourceTitle "BritBase"]
[Source "John Saunders"]
[SourceDate "2025.02.19"]
[SourceVersion "1"]
[SourceVersionDate "2025.02.19"]
[SourceQuality "1"]

1. Nf3 Nf6 2. g3 g6 3. Bg2 Bg7 4. d3 O-O 5. O-O d6 6. e4 c5 7. Re1 Nc6 8. c3 e5 9. a3 a5 10. a4 Rb8 11. Na3 Na7 12. Nd2 b6 13. Ndc4 Be6 14. f4 Ne8 15. f5 gxf5 16. Rf1 fxe4 17. dxe4 b5 18. axb5 Nxb5 19. Ne3 Nxa3 20. Rxa3 Nf6 21. Nf5 Bxf5 22. Rxf5 Rb7 23. Bg5 Re8 24. Bf1 c4 25. Bxf6 Bxf6 26. Bxc4 Rxb2 27. Rb3 Rxb3 28. Qxb3 Rf8 29. Kg2 Kg7 30. Qd1 Qe7 31. Bd5 h6 32. h4 Kh7 33. Qf3 Kg7 34. Kh3 Rh8 35. Rh5 Qd7+ 36. g4 Qe7 37. Rf5 Rf8 38. Qg3 Rh8 39. Kg2 Bxh4 40. Qh3 Bf6 41. Rf2 Rb8 42. Ra2 Bg5 43. Qd3 Qc7 44. c4 Qc5 45. Qc3 Rb1 46. Rf2 f6 47. Qh3 Qa7 48. Qh5 Rb8 49. Qh3 a4 50. Qa3 Qa6 51. Ra2 Bf4 52. Qxa4 Rb2+ 53. Kf3 Rxa2 54. Qd7+ Kg6 55. Qf7+ Kg5 1-0

[Event "GBR-ch110 Over 50"]
[Site "Hull"]
[Date "2024.08.01"]
[Round "4.19"]
[White "Keely, Leo A"]
[Black "Watson, Simon"]
[Result "1-0"]
[WhiteElo "1923"]
[BlackElo "1780"]
[PlyCount "115"]
[EventDate "2024.07.29"]
[EventType "swiss"]
[EventRounds "7"]
[EventCountry "GBR"]
[SourceTitle "BritBase"]
[Source "John Saunders"]
[SourceDate "2025.02.19"]
[SourceVersion "1"]
[SourceVersionDate "2025.02.19"]
[SourceQuality "1"]

1. e4 d6 2. d4 Nf6 3. Nc3 g6 4. f4 Bg7 5. Nf3 O-O 6. Bd3 c6 7. e5 Nd5 8. Nxd5 cxd5 9. O-O Nc6 10. c3 a6 11. Qe1 b5 12. Qh4 e6 13. Qh3 f5 14. Ng5 h6 15. Nf3 Ne7 16. a3 Rb8 17. Qg3 Rb6 18. Bd2 Rb8 19. Rae1 Kh7 20. Bb1 Nc6 21. exd6 Qxd6 22. Ne5 Nxe5 23. fxe5 Qe7 24. h4 h5 25. Bg5 Qe8 26. Qe3 Rf7 27. Bc2 Qf8 28. Kh2 Bh6 29. Qf4 Bxg5 30. hxg5 Rbb7 31. Re3 Kg8 32. Rh3 Rh7 33. Bd1 Qe7 34. Be2 Ra7 35. Rh1 Qd8 36. Kg3 Qe8 37. Kf2 Rag7 38. Re3 Bd7 39. Rc1 Qd8 40. Rc2 Be8 41. b3 Rc7 42. c4 dxc4 43. bxc4 bxc4 44. Bxc4 Rhe7 45. Rec3 Bb5 46. Bxe6+ Kg7 47. d5 Rxc3 48. Rxc3 Qb6+ 49. Qe3 Qxe3+ 50. Kxe3 Kf8 51. Rc8+ Re8 52. Rxe8+ Kxe8 53. d6 Bc6 54. g3 Bb5 55. Bd5 Ba4 56. e6 Kd8 57. Kf4 Bb5 58. Ke5 1-0

[Event "GBR-ch110 Over 50"]
[Site "Hull"]
[Date "2024.08.01"]
[Round "4.20"]
[White "Morrison, Munroe L"]
[Black "Strugar, Ioan"]
[Result "1/2-1/2"]
[WhiteElo "1799"]
[BlackElo "1664"]
[PlyCount "59"]
[EventDate "2024.07.29"]
[EventType "swiss"]
[EventRounds "7"]
[EventCountry "GBR"]
[SourceTitle "BritBase"]
[Source "John Saunders"]
[SourceDate "2025.02.19"]
[SourceVersion "1"]
[SourceVersionDate "2025.02.19"]
[SourceQuality "1"]

1. e4 e5 2. Nf3 Nf6 3. Nc3 Nc6 4. Bb5 Bc5 5. Qe2 Nd4 6. Nxd4 Bxd4 7. d3 O-O 8. Bg5 c6 9. Bc4 d6 10. O-O a5 11. a4 Re8 12. h3 Be6 13. Bxe6 Rxe6 14. Nd1 Qd7 15. c3 Bb6 16. Be3 Bc7 17. f4 exf4 18. Bxf4 Rae8 19. Qf3 d5 20. Bxc7 Qxc7 21. exd5 Nxd5 22. Nf2 h6 23. Ne4 Rg6 24. Rf2 Ree6 25. Raf1 Nf6 26. Nc5 Re7 27. Re2 Rxe2 28. Qxe2 Rg5 29. Ne4 Nxe4 30. Qxe4 1/2-1/2

[Event "GBR-ch110 Over 50"]
[Site "Hull"]
[Date "2024.08.02"]
[Round "5.1"]
[White "Arkell, Keith C"]
[Black "Farrell, Neil R"]
[Result "1-0"]
[WhiteElo "2386"]
[BlackElo "2099"]
[PlyCount "95"]
[EventDate "2024.07.29"]
[EventType "swiss"]
[EventRounds "7"]
[EventCountry "GBR"]
[SourceTitle "BritBase"]
[Source "John Saunders"]
[SourceDate "2025.02.19"]
[SourceVersion "1"]
[SourceVersionDate "2025.02.19"]
[SourceQuality "1"]

1. d4 e6 2. c4 Nf6 3. Nf3 d5 4. cxd5 exd5 5. Nc3 a6 6. Bg5 Be6 7. e3 Nbd7 8. Bd3 Bd6 9. O-O c6 10. Bf4 Qc7 11. Ne2 Bg4 12. Bxd6 Qxd6 13. Ng3 g6 14. h3 Bxf3 15. Qxf3 O-O 16. a3 c5 17. dxc5 Nxc5 18. Rad1 Qe5 19. b4 Nce4 20. Bxe4 dxe4 21. Qf4 Rfe8 22. Qxe5 Rxe5 23. Rd6 Kg7 24. Rc1 a5 25. Rb6 axb4 26. axb4 Re7 27. Ne2 Ra3 28. g4 h6 29. Rc5 Rd7 30. Nd4 Ra1+ 31. Kg2 Rb1 32. Rbb5 Rb2 33. Kg3 b6 34. Rxb6 Nd5 35. Rb8 Rd6 36. Rc6 Rxc6 37. Nxc6 Kf6 38. Rb7 g5 39. Rb5 Ke6 40. Nd8+ Ke5 41. Nxf7+ Ke6 42. Nxh6 Rxb4 43. Ra5 Rb7 44. Nf5 Ke5 45. Ra8 Nf6 46. Ra6 Rd7 47. Nd4 Rd6 48. f4+ 1-0

[Event "GBR-ch110 Over 50"]
[Site "Hull"]
[Date "2024.08.02"]
[Round "5.2"]
[White "Burnett, Andrew"]
[Black "Dishman, Stephen"]
[Result "0-1"]
[WhiteElo "2174"]
[BlackElo "2306"]
[PlyCount "36"]
[EventDate "2024.07.29"]
[EventType "swiss"]
[EventRounds "7"]
[EventCountry "GBR"]
[SourceTitle "BritBase"]
[Source "John Saunders"]
[SourceDate "2025.02.19"]
[SourceVersion "1"]
[SourceVersionDate "2025.02.19"]
[SourceQuality "1"]

1. d4 d5 2. c4 e6 3. Nf3 a6 4. Nc3 dxc4 5. e4 b5 6. Be2 Bb7 7. O-O Nf6 8. a4 Nxe4 9. Nxe4 Bxe4 10. Ng5 Bd5 11. Bh5 g6 12. Bf3 Be7 13. Ne4 O-O 14. Bh6 Re8 15. axb5 axb5 16. Rxa8 Bxa8 17. Nc3 Bxf3 18. Qxf3 b4 0-1

[Event "GBR-ch110 Over 50"]
[Site "Hull"]
[Date "2024.08.02"]
[Round "5.3"]
[White "Crocker, Philip J"]
[Black "Brett, Andrew R"]
[Result "1/2-1/2"]
[WhiteElo "2122"]
[BlackElo "2052"]
[PlyCount "54"]
[EventDate "2024.07.29"]
[EventType "swiss"]
[EventRounds "7"]
[EventCountry "GBR"]
[SourceTitle "BritBase"]
[Source "John Saunders"]
[SourceDate "2025.02.19"]
[SourceVersion "1"]
[SourceVersionDate "2025.02.19"]
[SourceQuality "1"]

1. c4 e5 2. g3 Nf6 3. Bg2 c6 4. d4 e4 5. a3 d5 6. Nc3 h6 7. f3 exf3 8. Nxf3 Be6 9. O-O Be7 10. Nh4 Qd7 11. cxd5 cxd5 12. Qc2 Nc6 13. e3 Rc8 14. Bd2 O-O 15. Nf5 Bd8 16. Rad1 Na5 17. Bc1 Nc4 18. Qd3 Nd6 19. Nxd6 Qxd6 20. e4 dxe4 21. Nxe4 Nxe4 22. Qxe4 Bb6 23. Bf4 Qc6 24. Qxc6 bxc6 25. Bd6 Rfd8 26. Bc5 Bb3 27. Rc1 Bd5 1/2-1/2

[Event "GBR-ch110 Over 50"]
[Site "Hull"]
[Date "2024.08.02"]
[Round "5.4"]
[White "Minnican, Alan"]
[Black "Zeidler, Sven P"]
[Result "1/2-1/2"]
[WhiteElo "2081"]
[BlackElo "2116"]
[PlyCount "114"]
[EventDate "2024.07.29"]
[EventType "swiss"]
[EventRounds "7"]
[EventCountry "GBR"]
[SourceTitle "BritBase"]
[Source "John Saunders"]
[SourceDate "2025.02.19"]
[SourceVersion "1"]
[SourceVersionDate "2025.02.19"]
[SourceQuality "1"]

1. Nf3 f5 2. d3 Nc6 3. e4 e5 4. d4 fxe4 5. Nxe5 d6 6. Nxc6 bxc6 7. d5 Nf6 8. dxc6 d5 9. Qd4 Be7 10. Nc3 O-O 11. Be2 Be6 12. Bf4 Qe8 13. Nb5 Qxc6 14. Qe5 Bg4 15. Qxe7 Bxe2 16. Nd4 Qb6 17. Qe6+ Qxe6 18. Nxe6 Ba6 19. Nxf8 Rxf8 20. Be3 c5 21. Bxc5 Rc8 22. Bd4 Rxc2 23. Kd1 Rc4 24. Bxa7 Ng4 25. f3 Rc7 26. Bd4 Rc4 27. Ba7 Rc7 28. Bg1 Ne5 29. Rc1 Be2+ 30. Kd2 Rxc1 31. Kxc1 exf3 32. Bd4 fxg2 33. Re1 Nd3+ 34. Kd2 Nxe1 35. Kxe2 Nc2 36. Bg1 Kf7 37. Kf2 Nb4 38. a4 Ke6 39. Kxg2 Ke5 40. Bc5 Na6 41. b4 d4 42. Bf8 d3 43. Kf3 Kd4 44. Bxg7+ Kc4 45. b5 Nc5 46. b6 Kb3 47. Bh6 Kxa4 48. Be3 Kb3 49. Kg4 Kc2 50. h4 d2 51. Bxd2 Kxd2 52. h5 Ke3 53. Kg5 Kf3 54. h6 Ke4 55. Kf6 Kd5 56. Kg7 Ke6 57. Kxh7 Kf7 1/2-1/2

[Event "GBR-ch110 Over 50"]
[Site "Hull"]
[Date "2024.08.02"]
[Round "5.5"]
[White "Townsend, M Paul"]
[Black "Vleeshhouwer, Douglas"]
[Result "1-0"]
[WhiteElo "2146"]
[BlackElo "1923"]
[PlyCount "87"]
[EventDate "2024.07.29"]
[EventType "swiss"]
[EventRounds "7"]
[EventCountry "GBR"]
[SourceTitle "BritBase"]
[Source "John Saunders"]
[SourceDate "2025.02.19"]
[SourceVersion "1"]
[SourceVersionDate "2025.02.19"]
[SourceQuality "1"]

1. d4 d5 2. c4 c6 3. Nf3 Nf6 4. e3 a6 5. b3 Bf5 6. Be2 e6 7. O-O Bd6 8. Bb2 Nbd7 9. Nbd2 Qb8 10. a4 a5 11. Qc1 Ne4 12. h3 Ndf6 13. Nxe4 Nxe4 14. Ba3 h6 15. Bxd6 Qxd6 16. Ne5 O-O 17. c5 Qc7 18. Qb2 f6 19. Nf3 Ra7 20. Bd3 b6 21. cxb6 Qxb6 22. Rfc1 Rc8 23. Ne1 c5 24. dxc5 Rxc5 25. Rxc5 Qxc5 26. Rc1 Qb4 27. g4 Bh7 28. Qc2 Re7 29. Nf3 e5 30. Qc8+ Kf7 31. Rc7 g5 32. Bb5 Qd6 33. Rxe7+ Qxe7 34. Qa8 Qc7 35. Qxd5+ Kg7 36. Bc4 Nd6 37. Nxe5 Nxc4 38. Nxc4 Bg8 39. Qxa5 Qd7 40. Qd2 Qb7 41. Nd6 Qxb3 42. Nf5+ Kh7 43. Qd7+ Bf7 44. Nd6 1-0

[Event "GBR-ch110 Over 50"]
[Site "Hull"]
[Date "2024.08.02"]
[Round "5.6"]
[White "Hasson, Peter"]
[Black "McMichael, Richard J"]
[Result "1/2-1/2"]
[WhiteElo "1993"]
[BlackElo "2132"]
[PlyCount "68"]
[EventDate "2024.07.29"]
[EventType "swiss"]
[EventRounds "7"]
[EventCountry "GBR"]
[SourceTitle "BritBase"]
[Source "John Saunders"]
[SourceDate "2025.02.19"]
[SourceVersion "1"]
[SourceVersionDate "2025.02.19"]
[SourceQuality "1"]

1. c4 b6 2. d4 Bb7 3. Nc3 e6 4. a3 f5 5. d5 Nf6 6. g3 Bd6 7. Nf3 O-O 8. Bg2 c6 9. dxc6 dxc6 10. O-O Qe7 11. e4 fxe4 12. Ng5 Nbd7 13. Ncxe4 Bc7 14. Qe2 e5 15. Bd2 a5 16. b4 h6 17. Nxf6+ Nxf6 18. Ne4 Kh8 19. Bc3 Rae8 20. Rad1 Ba6 21. Nxf6 Rxf6 22. Be4 Qf7 23. b5 cxb5 24. cxb5 Bc8 25. Bd2 Bd6 26. a4 Bc5 27. Be3 Bh3 28. Bg2 Bxg2 29. Kxg2 Bxe3 30. fxe3 Rxf1 31. Rxf1 Qb3 32. Qh5 Qd5+ 33. Kh3 Rd8 34. Rf7 Qe4 1/2-1/2

[Event "GBR-ch110 Over 50"]
[Site "Hull"]
[Date "2024.08.02"]
[Round "5.7"]
[White "Dougherty, Michael"]
[Black "Faulkner, Martin J"]
[Result "1-0"]
[WhiteElo "2112"]
[BlackElo "1803"]
[PlyCount "89"]
[EventDate "2024.07.29"]
[EventType "swiss"]
[EventRounds "7"]
[EventCountry "GBR"]
[SourceTitle "BritBase"]
[Source "John Saunders"]
[SourceDate "2025.02.19"]
[SourceVersion "1"]
[SourceVersionDate "2025.02.19"]
[SourceQuality "1"]

1. e4 e5 2. Bc4 Nf6 3. d3 Nc6 4. Nc3 Na5 5. Nf3 d6 6. Bb5+ c6 7. Ba4 b5 8. Bb3 Be7 9. O-O O-O 10. h3 Bb7 11. Bxf7+ Rxf7 12. b4 Nd7 13. bxa5 a6 14. Ne2 Nc5 15. Ng3 Ne6 16. Nf5 Bf8 17. d4 exd4 18. N3xd4 Nxd4 19. Qxd4 c5 20. Qd3 Qf6 21. Be3 d5 22. f3 Rd8 23. Qe2 Qe6 24. Ng3 Re8 25. a4 Bd6 26. Bf2 Qg6 27. Nf5 Bb8 28. Nh4 Qh5 29. axb5 dxe4 30. bxa6 Ba8 31. Rab1 Bd6 32. Rb6 Bc7 33. Qe3 Qe5 34. g3 g5 35. f4 gxf4 36. gxf4 Rxf4 37. Qg3+ Kh8 38. Ng6+ hxg6 39. Rxg6 Qh5 40. Rg5 Qh7 41. Bd4+ cxd4 42. Rxf4 Rb8 43. Qg4 e3 44. Rf8+ Rxf8 45. Qxd4+ 1-0